000 00667nam a2200229 u 4500
005 20240228064324.0
008 180226s2006 es r 000 0 spa d
020 _a8484123804
035 _aUPN01000223176
049 _aI
050 4 _aPQ6668 I5
_bD4.3
100 1 _aRío, Carmina del
_932941
245 1 0 _aDe excursión /
_cCarmina del Río.
260 _aBarcelona, Esp. :
_bSalvatella,
_c2006.
300 _a32 p. :
_bil. col.
440 0 _aNuestras obligaciones ;
_v6
650 4 _aLibros y lectura para niños
_92290
650 0 _aPoesía infantil española
_911100
650 4 _aEXCURSIONES ESCOLARES
_921792
905 _aInfantil
999 _c195273
_d195273